| 000 | 00610cam a22002052 4500 | ||
|---|---|---|---|
| 001 | 0000000585 | ||
| 005 | 20151217151750.0 | ||
| 008 | 070212s xx 000 0 eng d | ||
| 020 | _cKES | ||
| 040 |
_aKABU _cKABU |
||
| 050 | 0 |
_aBR115 _b.H6B53 |
|
| 245 | 1 | 4 |
_aThe Bible, the church and homosexuality / _ced. by Nicholas Coulton. |
| 260 |
_aLondon : _bDarton, _c2005. |
||
| 300 | _ax, 136 p. | ||
| 650 | 0 |
_aHomosexuality _xReligious aspects _xChristianity. _@0000148819 |
|
| 700 | 1 |
_aCoulton, Nicholas. _@0000148820 |
|
| 908 | _a070212 | ||
| 950 | _@1 | ||
| 999 |
_c4809 _d4809 |
||